000 01064nam a2200289 a 4500
001
003 DO-SdBNP
005 20220127102234.0
008 090716s2008 dr a 000 0bspa d
040 _aDO-SdBNP
_bspa
_cBPMSU
082 _a282.7293
_bC531i 2008
_222
100 _aChez Checo, José,
_d1949-
245 1 3 _aLa Iglesia católica y el final de la dictadura de Trujillo :
_bentrevista a Mns. Roque Adames /
_cJosé Chez Checo.
246 1 4 _aEntrevista a monseñor Roque Adames /
260 _aSanto Domingo :
_bBúho,
_c2008.
300 _a78 p. :
_bil., retr. ;
_c19 cm.
490 0 _aHistoria total
_v12
500 _aIncluye
590 _aInventariado, 2022/VM
600 1 4 _aAdames Rodríguez, Roque Antonio,
_cMonseñor
_d1928-2009
_xEntrevistas
650 4 _aIglesia católica
_zRepública Dominicana
_xHistoria
_ySiglo XX
650 4 _aIglesia y Estado en República Dominicana
_xSiglo xx
650 4 _aClero
_xEntrevistas
651 4 _aRepública Dominicana
_xHistoria
_yEra de Trujillo, 1930-1961
910 _aVMateo V.
942 _2ddc
_cBK
999 _c13983
_d13983